000 00646nam a2200217 a 4500
005 20180803164840.0
008 140224b1998 ck ||||| |||| 00| 0 spa d
040 _aCO-BoIAVH
_cCO-BoIAVH
041 _aspa
044 _ack
090 _aLB
_b00852
110 _bUniversidad Nacional de Colombia. Instituto de Estudios Ambientales
_98949
245 _aPolítica de investigación ambiental
260 _aBogotá
_bIDEA
_bCOLCIENCIAS
_bMinambiente
_c1998
300 _a44 p.
650 _aInvestigación científica
_942457
650 _aMedio ambiente
_992195
650 _aPolítica ambiental
_942459
662 _aColombia
942 _cINFORME
_2z
999 _c864
_d864